000 00888nam a22002777a 4500
001 BR0704722
003 BR-BrBNA
005 20230928102527.0
007 ta
008 230509b bl.||||| |||| 00| 0 por d
040 _aBR-BrBNA
_bpor
_cBiblioteca Nacional de Agricultura
041 _a(Por)
072 _aL01
090 _ L01 BR0704722
110 1 _aDepartamento Nacional da Produção Vegetal, Fortaleza, CE (Brasil). Seção de Fomento Agrícola
_93261
245 1 _aPostos agropecuarios e outras realizações da Seção de Fomento Agrícola no Ceará
260 3 _aFortaleza, CE (Brasil):
_c1954.
300 _a150 p.
500 _aDocumento microfilmado e tratado BR7314095
650 _aINSTALAÇÃO AGRÍCOLA
650 _aEXTENSÃO RURAL
650 _aENGENHARIA RURAL
650 _aASSISTÊNCIA TÉCNICA
909 _a202309
_bLucia
_c55
_dLucia Elande
942 _cBK
999 _c71215
_d71215